Periodic Table Elements #3 - Statistics

General Stats
  • This quiz has been taken 8 times
  • The average score is 12 of 15
Answer Stats
Number Element % Correct
33 Arsenic
100%
64 Gadolinium
100%
79 Gold
100%
80 Mercury
100%
7 Nitrogen
100%
16 Sulfur
100%
23 Vanadium
100%
83 Bismuth
83%
84 Polonium
83%
54 Xenon
83%
85 Astatine
67%
76 Osmium
67%
106 Seaborgium
67%
117 Tennessine
67%
114 Flerovium
17%
No matching quizzes found
Score Distribution
Percent of People with Each Score
Percentile by Number Answered
Your Score History
You have not taken this quiz